Harry Potter: le Napel - Statistiques

Statistiques générales
  • Ce quiz a été pris 20 fois
  • Le résultat moyen est 3 sur 5
Statistiques - réponses
Information Réponses % Correct
Dernière apparition Harry Potter et le Prince de Sang-Mêlé
94%
Première apparition Harry Potter à l'école des sorciers
82%
Autre nom Tue-Loup
65%
Autre nom Aconit
41%
Utilisation Fabriquer des potions
35%
Aucun quiz correspondant
Distribution des résultats
% des personnes avec chaque résultat
Percentile par nombre de réponses
Votre historique - résultats
Vous n’avez pas pris ce quiz